Statistics for 6 Longest rivers in East Africa

Click here to take the quiz!

General Stats

  • This quiz has been taken 41 times
  • The average score is 2 of 6

Answer Stats

CountriesLengthRiver% Correct
Uganda, South Sudan, Sudan, Egypt4,258Nile
96%
Ethiopia, Sudan941Blue Nile
59%
Ethiopia, Somalia624Jubba
44%
Ethiopia, Somalia702Shebelle
30%
Ethiopia746Awash
11%
Ethiopia533Ganale Doria
4%

Score Distribution

Percentile by Number Answered

Percent of People with Each Score

Your Score History

You have not taken this quiz